| 000 | 00451cam a2200193 4500 | ||
|---|---|---|---|
| 008 | 090401t1977 xxu||||| |||| 00| 0 eng d | ||
| 020 | 0 | _a0105442771 | |
| 035 | _a(Sirsi) u63628 | ||
| 041 | _aeng | ||
| 245 | 0 | 0 | _aRent Act 1977 |
| 260 |
_aLondon _bHMSO _c1977 |
||
| 300 | _a193p | ||
| 350 | _a0.02 | ||
| 650 | 2 | 4 | _aRENT ACT 1977 |
| 651 | 4 |
_aEngland and Wales _y1543- |
|
| 690 |
_aLandlord and tenant _96252 |
||
| 942 | _n0 | ||
| 948 | _c04/03/1997 | ||
| 999 |
_c94587 _d94587 |
||